Statistics for Guess the composer

Click here to take the quiz!

General Stats

  • This quiz has been taken 62 times
  • The average score is 15 of 23

Answer Stats

HintAnswer% Correct
Moonlight SonataLudwig van Beethoven
96%
The Four SeasonsAntonio Vivaldi
93%
Requiem (1791)Wolfgang Amadeus Mozart
91%
Goldberg VariationsJohann Sebastian Bach
89%
The Blue DanubeJohann Strauss
79%
Prelude in E MinorFryderyk Chopin
77%
The ValkyrieRichard Wagner
75%
La CampanellaFranz Liszt
73%
CarmenGeorges Bizet
73%
Water MusicGeorg Friedrich Händel
70%
Hungarian DancesJohannes Brahms
70%
Peer Gynt (only music)Edvard Grieg
68%
The NutcrackerPëtr Il'ič Čajkovskij
68%
Wedding MarchFelix Mendelssohn
63%
KinderszenenRobert Schumann
57%
The Carnival of the AnimalsCamille Saint-Saëns
55%
The Rite of SpringIgor Stravinskij
55%
Suite BergamasqueClaude Debussy
54%
Adagio for StringsSamuel Barber
50%
An SylviaFranz Schubert
48%
Symphonie FantastiqueHector Berlioz
48%
Symphony No. 5 (1902)Gustav Mahler
45%
Violin Concerto No. 2 (1826)Niccolò Paganini
34%

Score Distribution

Percentile by Number Answered

Percent of People with Each Score

Your Score History

You have not taken this quiz